Quiz Minecraft : Niveau Expert đŸ”„ - Statistiques

Statistiques générales
  • Ce quiz a Ă©tĂ© pris 364 fois
    160 depuis la derniĂšre actualisation
  • Le rĂ©sultat moyen est 4 sur 7
Statistiques - réponses
Question Réponse % Correct
Combien de blocs faut-il pour construire un portail du Nether minimal fonctionnel ? 10
86%
Quel est le nom du créateur de la musique du disque 11 ? C418
68%
Quelle est la seule entité passive qui peut apparaßtre dans le Nether sans intervention du joueur ? Strider
68%
En utilisant un beacon, quel est le maximum d’effets qu’un joueur peut recevoir simultanĂ©ment ? 2
50%
Quelle est la hauteur maximale Ă  laquelle un piston peut pousser des blocs (en comptant le piston lui-mĂȘme) ? 12 blocs
44%
Combien de ticks dure un signal de redstone produit par un bouton en pierre ? 10 ticks
29%
Combien de variantes différentes de biomes peut-on trouver dans Minecraft (y compris les biomes rares) ? 82
20%
Aucun quiz correspondant
Distribution des résultats
% des personnes avec chaque résultat
Percentile par nombre de réponses
Votre historique - résultats
Vous n’avez pas pris ce quiz depuis la derniùre actualisation